00473nam a22001457a 450000500170000000800410001702000180005810000220007624501320009826000490023030000110027950000160029094200080030699900130031420260108094448.0260108b |||||||| |||| 00| 0 eng d a0789788554240 aEmegha Ndubuisi,k aThemes and Methods in Defense and Security studies:bEssays in honour of Rear Admiral Godwin Ndubuisi Kanu/cEmegha Ndubuisi,K. aAwka-NIGERIA.bFAB EDUCATIONAL BOOKS,c20222 c22.8cm akku library 2lcc c106d106